Your heart matters : answers for a healthier heart
| Main Author: | |
|---|---|
| Other Authors: | |
| Format: | Book |
| Published: |
Singapore :
Armour Publishing Pte Ltd. ,
2006
|
| Subjects: |
MARC
| LEADER | 00000cam a2200000 7i4500 | ||
|---|---|---|---|
| 001 | 0000110855 | ||
| 005 | 20071003.0 | ||
| 020 | |a 9814138576 | ||
| 090 | 0 | 0 | |a 616.120654 |b MAK |
| 100 | 0 | |a Mak Koon Hou | |
| 245 | 1 | 0 | |a Your heart matters : |b answers for a healthier heart |c Mak Koon Hou and Louisa Zhang |
| 260 | |a Singapore : |b Armour Publishing Pte Ltd. , |c 2006 | ||
| 300 | |a 179p. ; |c 20cm. | ||
| 650 | 0 | 0 | |a Heart |x Diseases |
| 650 | 0 | 0 | |a Heart |x Diseases |x Prevention |
| 700 | 1 | |a Zhang, Louisa | |
| 999 | |a 00207062 |b BUKU |c PINJAMAN |e PERPUSTAKAAN KOMUNITI PETALING JAYA | ||